000 00541nam a2200181 i 4500
001 43688
003 ES-MaACL
005 20230906160847.0
007 t|
008 030318s1969 sp ||||1| spa d
100 1 _aCaude, Roland.
_937099
245 1 0 _aCómo analizar un problema /
_cpor Roland Caude ; traductor C. Heredia Josa.
260 _aMadrid :
_bIbérico Europea de Ediciones,
_c[1969]
300 _a80 p. ;
_c21 cm.
650 0 4 _aRaciocinio.
_916643
700 1 _aHeredia Josa, C.
_962697
852 _aES-MaACL
_jC-48839
_bR.69319
999 _c43688
_d43688